| 000 | 01560nam a2200409 i 4500 | ||
|---|---|---|---|
| 999 |
_c200430172 _d48098 |
||
| 003 | TR-AnTOB | ||
| 005 | 20231219000925.0 | ||
| 007 | ta | ||
| 008 | 171111b xxu||||| mmmm 00| 0 eng d | ||
| 040 |
_aTR-AnTOB _beng _erda _cTR-AnTOB |
||
| 041 | 0 | _aeng | |
| 099 | _aTEZ TOBB SBE İKT YL’18 TAT | ||
| 100 | 1 |
_aTatoğlu, Tuğçe _9120737 |
|
| 245 | 1 | 0 |
_aDesigning a credit system to match better performing students with best foundation universities / _cTuğçe Tatoğlu. |
| 264 | 1 |
_aAnkara : _bTOBB ETÜ Sosyal Bilimleri Enstitüsü, _c2018. |
|
| 300 |
_axix, 160 pages : _bgraphics, charts and colored illustrations ; _c29 cm |
||
| 336 |
_2rdacontent _atext _btxt |
||
| 337 |
_2rdamedia _aunmediated _bn |
||
| 338 |
_2rdacarrier _avolume _bnc |
||
| 502 | _aTez (Yüksek Lisans)--TOBB ETÜ Sosyal Bilimleri Enstitüsü Haziran 2018 | ||
| 650 | 0 | 0 |
_932546 _aTezler, Akademik |
| 650 | 0 | 0 |
_aDissertations, Academic _932543 |
| 653 | _aDaha iyi performans sergileyen öğrenciler | ||
| 653 | _aEn iyi vakıf üniversiteleri | ||
| 653 | _aEğitim finansmanı | ||
| 653 | _aGelir şartlı kredi sistemi | ||
| 653 | _aEğitim garanti fonu | ||
| 653 | _aBetter performing students | ||
| 653 | _aBest foundation universities | ||
| 653 | _aEducational financing | ||
| 653 | _aIncome-contingent credit system | ||
| 653 | _aEducation guarantee fund | ||
| 710 | 2 |
_aTOBB Ekonomi ve Teknoloji Üniversitesi. _bSosyal Bilimler Enstitüsü _995247 |
|
| 856 | 4 | 0 |
_uhttps://tez.yok.gov.tr/ _3Ulusal Tez Merkezi |
| 942 |
_cTEZ _2z |
||